[Event "Spanish League of Honour"]
[Site "Linares"]
[Date "2017.08.20"]
[Round "7"]
[White "Sgircea, Silvia-Raluca"]
[Black "Trigo Urquijo, Sergio"]
[Result "1/2-1/2"]
[WhiteTitle "WIM"]
[BlackTitle "FM"]
[WhiteElo "2246"]
[BlackElo "2394"]
[Board "7"]
[WhiteCountry "ROU"]
[WhiteFideId "1213776"]
[WhiteEloChange "4"]
[BlackCountry "ESP"]
[BlackFideId "2262436"]
[BlackEloChange "-4"]

1. Nf3 g6 2. d4 Bg7 3. c4 Nf6 4. g3 b6 5. Bg2 Bb7 6. O-O O-O 7. Nc3 Ne4 8.
Nxe4 Bxe4 9. Bf4 d6 10. Qd2 e6 11. Rac1 Nd7 12. Rfd1 Qe7 13. Bh6 Rfe8 14.
Bxg7 Kxg7 15. b4 a5 16. a3 axb4 17. axb4 Ra4 18. Ra1 Rea8 19. Qc3 Qd8 20.
Rxa4 Rxa4 21. d5+ Qf6 22. Nd4 Bxg2 23. Kxg2 exd5 24. cxd5 Qe5 25. Qb3 Ra8
26. e3 Nf6 27. Nf3 Qe7 28. Rc1 Kg8 29. Qc4 Ra7 30. Nd2 Qe5 31. e4 Qb2 32.
Rc2 Qa1 33. Nf3 Qb1 34. Nd2 Qa1 35. Nf3 Qb1 36. Nd2 Qd1 37. Nf1 Ra1 38. f3
Nd7 39. Rd2 Qe1 40. Ra2 Rxa2+ 41. Qxa2 Qxb4 42. h4 Ne5 43. h5 Qa5 44. Qc2
Qc5 45. Qd2 Qa3 46. Nh2 Qd3 47. Qf4 f5 48. hxg6 hxg6 49. exf5 Qc2+ 50. Kg1
Qb1+ 51. Kg2 Qc2+ 52. Kg1 Qxf5 53. Qe3 Qb1+ 54. Nf1 Qd3 55. Qxd3 Nxd3 56.
Ne3 Kf7 57. Kf1 Kf6 58. Ke2 Nc5 59. Kd2 Ke5 60. Kc3 b5 61. Kb4 Kd4 62. Ng2
Nd3+ 63. Kxb5 Kxd5 64. Ne3+ Ke6 65. f4 c5 66. Kc4 Nb2+ 67. Kb3 Nd3 68. Kc4
Nb4 69. g4 d5+ 70. Kxc5 Nd3+ 71. Kd4 Nxf4 72. Nc2 Kd6 73. Ne1 g5 74. Nf3
Ne6+ 75. Kd3 Kc5 76. Nd2 Nd4 77. Ke3 Ne6 78. Kd3 Nf4+ 79. Ke3 d4+ 80. Ke4
d3 81. Kf5 Nh3 82. Ke4 Nf2+ 83. Ke3 Nxg4+ 84. Ke4 1/2-1/2

[Event "Spanish League of Honour"]
[Site "Linares"]
[Date "2017.08.20"]
[Round "7"]
[White "Ponomariov, Ruslan"]
[Black "Jobava, Baadur"]
[Result "1/2-1/2"]
[WhiteTitle "GM"]
[BlackTitle "GM"]
[WhiteElo "2692"]
[BlackElo "2687"]
[Board "1"]
[WhiteCountry "UKR"]
[WhiteFideId "14103320"]
[BlackCountry "GEO"]
[BlackFideId "13601520"]

1. e4 c5 2. Nf3 d6 3. d4 cxd4 4. Nxd4 Nf6 5. Nc3 a6 6. Be3 Nbd7 7. f3 d5 8.
Nxd5 Nxd5 9. exd5 Qa5+ 10. c3 Qxd5 11. Nb3 Nf6 12. Qxd5 Nxd5 13. Bd4 Bf5
14. Bc4 O-O-O 15. Kf2 f6 16. Rhd1 e5 17. Ba7 Be6 18. Bb6 Rd6 19. Bc5 Rd8
20. Bb6 Rd6 21. Bc5 Rd8 22. Bb6 1/2-1/2

[Event "Spanish League of Honour"]
[Site "Linares"]
[Date "2017.08.20"]
[Round "7"]
[White "Rakhmanov, Aleksandr"]
[Black "Erdos, Viktor"]
[Result "1-0"]
[WhiteTitle "GM"]
[BlackTitle "GM"]
[WhiteElo "2663"]
[BlackElo "2628"]
[Board "2"]
[WhiteCountry "RUS"]
[WhiteFideId "4173708"]
[WhiteEloChange "4"]
[BlackCountry "HUN"]
[BlackFideId "719978"]
[BlackEloChange "-4"]

1. c4 c5 2. Nf3 Nf6 3. Nc3 d5 4. cxd5 Nxd5 5. e3 e6 6. Nxd5 Qxd5 7. b3 Be7
8. Bc4 Qf5 9. Bb2 Nc6 10. O-O O-O 11. d4 Rd8 12. Qe2 cxd4 13. Nxd4 Nxd4 14.
Bxd4 Bd7 15. Bd3 Qa5 16. f4 g6 17. a3 Rac8 18. b4 Qa4 19. g4 Qb3 20. Be4
Bc6 21. Qf3 a6 22. Bxc6 Rxc6 23. f5 exf5 24. gxf5 Qd5 25. fxg6 Rxg6+ 26.
Kh1 Qxf3+ 27. Rxf3 Bf8 28. Raf1 Bg7 29. Rxf7 Bxd4 30. exd4 Rxd4 31. Rxb7 h6
32. Rc1 Rd8 33. a4 Rf6 34. a5 Re8 35. Rb6 Ree6 36. Rxe6 Rxe6 37. Rc7 Kf8
38. Kg2 Ke8 39. Kf3 Kd8 40. Rc4 Kd7 41. h4 Kd6 42. Kf4 Rf6+ 43. Kg4 Kd7 44.
Kh5 Rd6 45. Rg4 Ke7 46. Rg7+ Kf8 47. Rb7 Ke8 48. Rb6 Rd4 49. Rxh6 Rxb4 50.
Rxa6 Kf7 51. Rb6 Ra4 52. a6 Kg7 53. Rb7+ Kf6 54. a7 Kf5 55. Kh6 Kf6 56. h5
Ra5 57. Rc7 Ra1 58. Kh7 Kg5 59. h6 Ra6 60. Kg7 1-0

[Event "Spanish League of Honour"]
[Site "Linares"]
[Date "2017.08.20"]
[Round "7"]
[White "Movsesian, Sergei"]
[Black "Safarli, Eltaj"]
[Result "1/2-1/2"]
[WhiteTitle "GM"]
[BlackTitle "GM"]
[WhiteElo "2677"]
[BlackElo "2633"]
[Board "3"]
[WhiteCountry "ARM"]
[WhiteFideId "310204"]
[WhiteEloChange "-1"]
[BlackCountry "AZE"]
[BlackFideId "13402129"]
[BlackEloChange "1"]

1. e4 e5 2. Nf3 Nc6 3. Bc4 Bc5 4. c3 Nf6 5. d3 h6 6. O-O d6 7. Bb3 O-O 8.
h3 Re8 9. Re1 a6 10. Nbd2 Be6 11. Nf1 d5 12. exd5 Bxd5 13. Ng3 Bxb3 14.
axb3 e4 15. dxe4 Qxd1 16. Rxd1 Nxe4 17. Nxe4 Rxe4 18. Kf1 Rae8 19. Re1
Rxe1+ 20. Nxe1 Rd8 21. Ke2 Re8+ 22. Kf1 Rd8 23. Ke2 Re8+ 24. Kf1 Rd8 25.
Ke2 1/2-1/2

[Event "Spanish League of Honour"]
[Site "Linares"]
[Date "2017.08.20"]
[Round "7"]
[White "Peralta, Fernando"]
[Black "Grandelius, Nils"]
[Result "1/2-1/2"]
[WhiteTitle "GM"]
[BlackTitle "GM"]
[WhiteElo "2540"]
[BlackElo "2644"]
[Board "4"]
[WhiteCountry "ARG"]
[WhiteFideId "105309"]
[WhiteEloChange "1"]
[BlackCountry "SWE"]
[BlackFideId "1710400"]
[BlackEloChange "-1"]

1. d4 Nf6 2. c4 e6 3. Nc3 Bb4 4. e3 O-O 5. Bd3 d5 6. cxd5 exd5 7. Ne2 Re8
8. O-O Bd6 9. Bd2 b6 10. Nf4 Bb7 11. Qf3 Na6 12. Rfd1 Nb4 13. Bf1 c5 14. a3
Nc6 15. Nfxd5 Nxd5 16. Qxd5 Qb8 17. Qh5 cxd4 18. exd4 Nxd4 19. Bg5 Ne6 20.
Be3 Bf4 21. Rd7 g6 22. Qh4 Bxe3 23. fxe3 Nf8 24. Rd3 Qe5 25. Re1 Ne6 26. e4
Rad8 27. Qf2 Rxd3 28. Bxd3 Qc5 29. Rf1 Re7 30. Bb1 Kg7 31. Rd1 Ng5 32. Qxc5
bxc5 33. Kf2 Nxe4+ 34. Bxe4 Bxe4 35. Re1 f5 36. Nxe4 fxe4 37. Ke3 Kf6 38.
Rc1 Rb7 39. Kxe4 1/2-1/2

[Event "Spanish League of Honour"]
[Site "Linares"]
[Date "2017.08.20"]
[Round "7"]
[White "Mchedlishvili, Mikheil"]
[Black "Narciso Dublan, Marc"]
[Result "1/2-1/2"]
[WhiteTitle "GM"]
[BlackTitle "GM"]
[WhiteElo "2590"]
[BlackElo "2467"]
[Board "5"]
[WhiteCountry "GEO"]
[WhiteFideId "13600966"]
[WhiteEloChange "-2"]
[BlackCountry "ESP"]
[BlackFideId "2201500"]
[BlackEloChange "2"]

1. e4 d6 2. d4 Nf6 3. f3 d5 4. e5 Nfd7 5. f4 c5 6. c3 Nc6 7. Nf3 cxd4 8.
cxd4 Nb6 9. Nc3 Bg4 10. Be3 e6 11. h3 Bxf3 12. Qxf3 Bb4 13. Bb5 O-O 14. O-O
Bxc3 15. bxc3 Ne7 16. Rab1 Rc8 17. Bf2 Rc7 18. Be1 f6 19. exf6 Rxf6 20. Bd3
Qc8 21. Rb2 Nf5 22. Re2 Rf8 23. Bd2 Nc4 24. Bc1 Nb6 25. Bd2 Nc4 26. Bc1 Nb6
27. Bd2 1/2-1/2

[Event "Spanish League of Honour"]
[Site "Linares"]
[Date "2017.08.20"]
[Round "7"]
[White "Moskalenko, Viktor"]
[Black "Ibarra Jerez, Jose Carlos"]
[Result "1-0"]
[WhiteTitle "GM"]
[BlackTitle "GM"]
[WhiteElo "2505"]
[BlackElo "2569"]
[Board "6"]
[WhiteCountry "ESP"]
[WhiteFideId "14100100"]
[WhiteEloChange "6"]
[BlackCountry "ESP"]
[BlackFideId "2226332"]
[BlackEloChange "-6"]

1. e4 e5 2. Nf3 Nc6 3. Nc3 Nf6 4. d4 exd4 5. Nxd4 Bb4 6. Nxc6 bxc6 7. Bd3
O-O 8. O-O Re8 9. Bg5 h6 10. Bh4 Rb8 11. Re1 Bd6 12. Rb1 Be5 13. Qd2 g5 14.
Bg3 d6 15. Bxe5 Rxe5 16. f4 gxf4 17. Qxf4 Kg7 18. Re3 Be6 19. Ne2 c5 20. c4
Qe7 21. Nc3 Nh5 22. Qf2 Qg5 23. Rf3 Rf8 24. Rf1 c6 25. h3 Kh8 26. Kh2 Rg8
27. g4 Ng7 28. Rg1 Ne8 29. Ne2 d5 30. exd5 cxd5 31. Nf4 dxc4 32. Nxe6 fxe6
33. Bb1 Rd5 34. Rg2 Qe5+ 35. Qg3 Qxg3+ 36. Kxg3 h5 37. Re2 Nc7 38. Rf6 Rg7
39. Rf8+ Rg8 40. Rf6 Rg7 41. Be4 Rdg5 42. Rd2 Nb5 43. Rd8+ Rg8 44. Rd7 Rb8
45. Rxe6 Kg8 46. Bd5 Kf8 47. Rh6 Ke8 48. Bc6 Kf8 49. Bxb5 hxg4 50. Rf6+ 1-0

[Event "Spanish League of Honour"]
[Site "Linares"]
[Date "2017.08.20"]
[Round "7"]
[White "Gil Quilez, Sonia"]
[Black "Matnadze, Ana"]
[Result "1/2-1/2"]
[WhiteTitle "WFM"]
[BlackTitle "IM"]
[WhiteElo "2057"]
[BlackElo "2389"]
[Board "7"]
[WhiteCountry "ESP"]
[WhiteFideId "2263980"]
[WhiteEloChange "7"]
[BlackCountry "ESP"]
[BlackFideId "13601377"]
[BlackEloChange "-7"]

1. d4 Nf6 2. c4 e6 3. Nc3 d5 4. Bg5 Be7 5. Nf3 Nbd7 6. e3 c5 7. cxd5 exd5
8. dxc5 Nxc5 9. Bb5+ Bd7 10. Bxd7+ Qxd7 11. O-O Rd8 12. Rc1 O-O 13. Nd4 Ne6
14. Bh4 Ne4 15. Bxe7 Qxe7 16. Qd3 N6c5 17. Qe2 Qg5 18. Rfd1 a6 19. Nf3 Qh5
20. Nd4 Qg6 21. Nf3 Nxc3 22. Rxc3 Ne6 23. Rcd3 Qe4 24. Qd2 Rc8 25. Rc3 Rxc3
26. Qxc3 Qa4 27. Ra1 h6 28. b3 Qa3 29. Nh4 Re8 30. Nf5 Kh7 31. h3 g6 32.
Ng3 Re7 33. Qd2 Rd7 34. Ne2 Qd6 35. Rd1 Qe5 36. Nd4 Qe4 37. Nf3 Kg8 38. Qd3
Qb4 39. Ne5 Rd8 40. Nf3 Rc8 41. Nd4 Nxd4 42. Qxd4 Qxd4 43. Rxd4 Rc1+ 44.
Kh2 Rc2 45. a4 Rxf2 46. Rxd5 Rb2 47. Rd3 Kf8 48. Kg3 Ke7 49. a5 Ke6 50. h4
f5 51. Kf3 Ke5 52. g3 g5 53. hxg5 hxg5 54. g4 fxg4+ 55. Kxg4 Ke4 56. Rc3
Rg2+ 57. Kh3 Re2 58. Kg4 Rxe3 59. Rc4+ Kd5 60. Kxg5 Rxb3 61. Ra4 Kc5 62.
Kf5 Re3 63. Ra1 Kb4 64. Kf4 Re7 65. Kf5 Kb5 66. Kf4 Kb4 67. Kf5 Re3 68. Kf4
Ra3 69. Rb1+ Rb3 70. Ra1 Ra3 71. Rb1+ Kxa5 72. Rxb7 Rd3 73. Ke4 Rd8 74. Rb1
Rd6 75. Ke5 Rd3 76. Ke4 Rd2 77. Ke3 Rd6 78. Ke2 Ka4 79. Rd1 Rc6 80. Kd2 Kb3
81. Rb1+ Ka2 82. Rc1 Rd6+ 83. Kc3 Rc6+ 84. Kd2 Rd6+ 85. Kc3 a5 86. Rc2+ Ka3
87. Rc1 Rc6+ 88. Kd2 Rd6+ 89. Kc3 Rc6+ 90. Kd2 Ra6 91. Kc3 Ka2 92. Rc2+ Kb1
93. Rb2+ Ka1 94. Rh2 Rb6 95. Rh4 Kb1 96. Rh5 a4 97. Ra5 Rb3+ 98. Kc4 Ra3
99. Kb4 Kb2 100. Rxa4 Rxa4+ 101. Kxa4 1/2-1/2

[Event "Spanish League of Honour"]
[Site "Linares"]
[Date "2017.08.20"]
[Round "7"]
[White "Vidit, Santosh Gujrathi"]
[Black "Areshchenko, Alexander"]
[Result "1-0"]
[WhiteTitle "GM"]
[BlackTitle "GM"]
[WhiteElo "2693"]
[BlackElo "2652"]
[Board "1"]
[WhiteCountry "IND"]
[WhiteFideId "5029465"]
[WhiteEloChange "4"]
[BlackCountry "UKR"]
[BlackFideId "14109530"]
[BlackEloChange "-4"]

1. e4 c5 2. Nf3 d6 3. d4 cxd4 4. Nxd4 Nf6 5. Nc3 a6 6. g3 e5 7. Nde2 Be7 8.
Bg2 b5 9. Nd5 Nxd5 10. Qxd5 Ra7 11. Be3 Rb7 12. O-O O-O 13. Qd3 Be6 14. b3
Nd7 15. Nc3 Nf6 16. a4 Qb8 17. axb5 axb5 18. Bg5 b4 19. Bxf6 Bxf6 20. Nd5
Bd8 21. Rfd1 Bxd5 22. Qxd5 Bb6 23. Bf1 Bc5 24. Ra6 g6 25. Bc4 Kg7 26. Kg2
f5 27. Rda1 Ra7 28. exf5 Rxa6 29. Rxa6 gxf5 30. Ra5 Kh8 31. Rb5 Qe8 32. Rb7
e4 33. Qd1 f4 34. Rb8 f3+ 35. Kh1 1-0

[Event "Spanish League of Honour"]
[Site "Linares"]
[Date "2017.08.20"]
[Round "7"]
[White "Laznicka, Viktor"]
[Black "Adhiban, B."]
[Result "1/2-1/2"]
[WhiteTitle "GM"]
[BlackTitle "GM"]
[WhiteElo "2664"]
[BlackElo "2677"]
[Board "2"]
[WhiteCountry "CZE"]
[WhiteFideId "316385"]
[BlackCountry "IND"]
[BlackFideId "5018471"]

1. c4 Nf6 2. Nf3 g6 3. g3 Bg7 4. Bg2 O-O 5. O-O d6 6. Nc3 e5 7. d3 Nc6 8.
Rb1 a5 9. a3 Re8 10. Bg5 h6 11. Bxf6 Bxf6 12. b4 axb4 13. axb4 Bg7 14. b5
Ne7 15. Ne1 c6 16. Nc2 d5 17. bxc6 bxc6 18. cxd5 cxd5 19. Nb4 e4 20. Qd2 f5
21. Rfc1 Qa5 22. dxe4 dxe4 23. Ncd5 Nxd5 24. Qxd5+ Be6 25. Qxa5 Rxa5 26. e3
Rea8 27. Bf1 Ra1 28. Rxa1 Rxa1 29. Rxa1 Bxa1 30. Nc2 Bb2 31. h4 Kf8 32. Bb5
Ke7 33. Kf1 Kd6 34. Ke2 g5 35. hxg5 hxg5 36. Nd4 Bc8 37. Nb3 Kd5 38. Kd2
Bf6 39. Kc2 Be5 40. Kd2 f4 41. gxf4 gxf4 42. exf4 Bxf4+ 43. Ke1 Bg5 44. Na1
Kc5 45. Be2 Bd7 46. Nc2 1/2-1/2

[Event "Spanish League of Honour"]
[Site "Linares"]
[Date "2017.08.20"]
[Round "7"]
[White "Salgado Lopez, Ivan"]
[Black "Demchenko, Anton"]
[Result "1/2-1/2"]
[WhiteTitle "GM"]
[BlackTitle "GM"]
[WhiteElo "2627"]
[BlackElo "2645"]
[Board "3"]
[WhiteCountry "ESP"]
[WhiteFideId "2257327"]
[BlackCountry "RUS"]
[BlackFideId "4160258"]

1. e4 e5 2. Nf3 Nc6 3. Bb5 a6 4. Ba4 d6 5. O-O Bd7 6. d4 Nxd4 7. Bxd7+ Qxd7
8. Nxd4 exd4 9. Qxd4 Nf6 10. Nc3 Be7 11. b3 O-O 12. Bb2 c6 13. Rad1 Rad8
14. Rfe1 Rfe8 15. Ne2 Nh5 16. Qd3 Bf6 17. Bc1 g6 18. Qf3 Qe7 19. Ba3 Qxe4
20. Qxe4 Rxe4 21. Kf1 d5 22. Nc1 Nf4 23. Bc5 Rxe1+ 24. Rxe1 Ne6 25. Bb6 Rc8
26. Nd3 c5 27. c4 dxc4 28. bxc4 Kf8 29. Rb1 Ke8 30. Ba7 Rc7 31. Bb6 Rc6 32.
Ba7 Rc7 33. Bb6 Rd7 34. Nxc5 Nxc5 35. Bxc5 Kd8 36. Ke2 Kc7 37. Rd1 Rxd1 38.
Kxd1 Kc6 39. Be3 Be7 40. Kc2 f5 1/2-1/2

[Event "Spanish League of Honour"]
[Site "Linares"]
[Date "2017.08.20"]
[Round "7"]
[White "Saric, Ivan"]
[Black "Ganguly, Surya Shekhar"]
[Result "1/2-1/2"]
[WhiteTitle "GM"]
[BlackTitle "GM"]
[WhiteElo "2632"]
[BlackElo "2658"]
[Board "4"]
[WhiteCountry "CRO"]
[WhiteFideId "14508150"]
[BlackCountry "IND"]
[BlackFideId "5002150"]

1. e4 e6 2. d4 d5 3. Nc3 Nf6 4. Bg5 dxe4 5. Nxe4 Be7 6. Bxf6 gxf6 7. Qd2 c5
8. Nxc5 Bxc5 9. dxc5 Qxd2+ 10. Kxd2 Ke7 11. Nf3 Rd8+ 12. Ke3 Nd7 13. Rd1
Nxc5 14. Rxd8 Kxd8 15. h4 Ke7 16. g4 b6 17. b4 Nd7 18. Bb5 a5 19. Bc6 Ra7
20. b5 h6 21. g5 fxg5 22. hxg5 hxg5 23. Nxg5 Ne5 24. Rh7 Kf6 25. Ne4+ Ke7
26. Ng5 Kf6 27. Ne4+ Ke7 1/2-1/2

[Event "Spanish League of Honour"]
[Site "Linares"]
[Date "2017.08.20"]
[Round "7"]
[White "Cori, Jorge"]
[Black "Fedorchuk, Sergey A."]
[Result "0-1"]
[WhiteTitle "GM"]
[BlackTitle "GM"]
[WhiteElo "2641"]
[BlackElo "2633"]
[Board "5"]
[WhiteCountry "PER"]
[WhiteFideId "3802272"]
[WhiteEloChange "-5"]
[BlackCountry "UKR"]
[BlackFideId "14102536"]
[BlackEloChange "5"]

1. e4 c5 2. Nc3 a6 3. g4 b5 4. Bg2 Bb7 5. d3 e6 6. h4 Qc7 7. f4 Nc6 8. Nh3
Nge7 9. O-O Nd4 10. Ne2 h5 11. gxh5 Nxe2+ 12. Qxe2 g6 13. f5 gxf5 14. Bg5
Bg7 15. c3 Qg3 16. Rf3 Qg4 17. Qf2 Be5 18. Nf4 fxe4 19. dxe4 Bxe4 20. Rg3
Qf5 21. Bxe4 Qxe4 22. Re1 Qf5 23. Rf3 f6 24. Ng6 Qg4+ 25. Kf1 Nxg6 26. hxg6
fxg5 27. Rxe5 gxh4 28. Qg2 Qxg2+ 29. Kxg2 Rg8 30. Rg5 Rg7 31. Kh3 Ke7 32.
Kxh4 Rh8+ 33. Kg4 Rh6 0-1

[Event "Spanish League of Honour"]
[Site "Linares"]
[Date "2017.08.20"]
[Round "7"]
[White "Korneev, Oleg"]
[Black "Ubilava, Elizbar"]
[Result "1/2-1/2"]
[WhiteTitle "GM"]
[BlackTitle "GM"]
[WhiteElo "2566"]
[BlackElo "2498"]
[Board "6"]
[WhiteCountry "ESP"]
[WhiteFideId "4156803"]
[WhiteEloChange "-1"]
[BlackCountry "ESP"]
[BlackFideId "13600052"]
[BlackEloChange "1"]

1. e4 e5 2. Nf3 Nc6 3. Bb5 a6 4. Ba4 d6 5. c3 Nf6 6. d4 b5 7. Bb3 Bg4 8.
Be3 exd4 9. cxd4 d5 10. e5 Bb4+ 11. Nbd2 Ne4 12. Qc1 Na5 13. O-O O-O 14.
Bc2 f5 15. exf6 Nxf6 16. b3 Rc8 17. h3 Be6 18. a3 Bd6 19. a4 Bb4 20. axb5
axb5 21. Bd3 c6 22. Qc2 h6 23. Qb2 Qb6 24. Ne5 Nb7 25. Ndf3 Nd6 26. Bd2
Bxd2 27. Qxd2 Nfe4 28. Qa5 Qxa5 29. Rxa5 c5 30. Ra6 Bf5 31. dxc5 Nxc5 32.
Rxd6 Nxd3 33. Rxd5 Nxe5 34. Nxe5 Be6 35. Rxb5 Rb8 36. Rxb8 Rxb8 37. Rd1
Bxb3 38. Rd7 Bc2 39. g4 Rb3 40. Kg2 Rb5 41. Nc4 Rc5 42. Ne3 Be4+ 43. Kg3
Kf8 44. Kf4 Bg6 45. h4 h5 46. g5 Ra5 47. Rc7 Bd3 48. Rc3 Bg6 49. Rc8+ Ke7
50. Rc7+ Kf8 51. Nc4 Rf5+ 52. Kg3 Rd5 53. f3 Bd3 54. Nb6 Rb5 55. Nd7+ Kg8
56. Rc5 Rxc5 57. Nxc5 Bc2 58. Kf4 Kf7 59. Ke5 g6 60. Ne4 Ba4 61. Nd6+ Ke7
62. f4 Bc2 63. Ne4 Bd3 64. Ng3 Kf7 65. f5 Bc2 66. f6 Bd3 67. Ne4 Bc2 68.
Nd6+ Kf8 69. Ke6 Bb3+ 70. Kd7 Ba4+ 71. Kd8 Bb3 72. Ne4 Bc2 73. Nc5 Kf7 74.
Nd7 Be4 75. Ne5+ Kf8 76. Kd7 Bf5+ 77. Kc6 Be4+ 78. Kd6 Bc2 79. Nc6 Bf5 80.
Nd8 Bc2 81. Ke6 Bf5+ 82. Ke5 Bc2 83. Nb7 Kf7 84. Nd6+ Kf8 85. f7 Ke7 86.
f8=Q+ Kxf8 87. Kf6 Kg8 88. Nf7 Bb1 89. Ne5 Kh7 90. Kf7 Ba2+ 91. Kf8 Be6 92.
Nf7 Bf5 93. Nd6 Bc2 94. Ne8 Bb3 95. Nd6 Bc2 96. Kf7 Bb3+ 97. Kf6 Bc2 98.
Nf7 Kg8 99. Ne5 Kh7 100. Nd7 Kg8 101. Ne5 Bd3 102. Ke7 Bb1 103. Kd6 1/2-1/2

[Event "Spanish League of Honour"]
[Site "Linares"]
[Date "2017.08.20"]
[Round "7"]
[White "Garcia Vicente, Nieves"]
[Black "Calzetta Ruiz, Monica"]
[Result "1-0"]
[WhiteTitle "WIM"]
[BlackTitle "WGM"]
[WhiteElo "2137"]
[BlackElo "2288"]
[Board "7"]
[WhiteCountry "ESP"]
[WhiteFideId "2201542"]
[WhiteEloChange "14"]
[BlackCountry "ESP"]
[BlackFideId "2204185"]
[BlackEloChange "-14"]

1. d4 Nf6 2. Nf3 c5 3. c3 e6 4. e3 Be7 5. Bd3 Nc6 6. O-O d5 7. Nbd2 O-O 8.
Ne5 Nxe5 9. dxe5 Nd7 10. f4 f5 11. exf6 Nxf6 12. Qe2 c4 13. Bc2 b5 14. Nf3
b4 15. e4 bxc3 16. bxc3 dxe4 17. Ng5 Bb7 18. Be3 Qc8 19. Bd4 Bc5 20. Rad1
Rb8 21. Kh1 Bd5 22. Nxe4 Nxe4 23. Bxe4 Bxe4 24. Qxe4 Bxd4 25. Rxd4 Qa6 26.
h3 Rb2 27. Rfd1 Rxa2 28. Rd6 Qc8 29. Rc6 Qb7 30. Qxc4 Rf2 31. Qxe6+ Kh8 32.
Rd7 Qb1+ 33. Kh2 Qc2 34. Qg4 g6 35. Rcc7 Re8 36. Rxh7+ Kg8 37. Rcg7+ Kf8
38. Rf7+ Kg8 39. Rhg7+ 1-0

[Event "Spanish League of Honour"]
[Site "Linares"]
[Date "2017.08.20"]
[Round "7"]
[White "Banusz, Tamas"]
[Black "Van Wely, Loek"]
[Result "0-1"]
[WhiteTitle "GM"]
[BlackTitle "GM"]
[WhiteElo "2611"]
[BlackElo "2646"]
[Board "1"]
[WhiteCountry "HUN"]
[WhiteFideId "722413"]
[WhiteEloChange "-4"]
[BlackCountry "NED"]
[BlackFideId "1000268"]
[BlackEloChange "4"]

1. Nf3 d5 2. g3 g6 3. Bg2 Bg7 4. d4 Nf6 5. c4 dxc4 6. Na3 c3 7. bxc3 O-O 8.
O-O c5 9. e3 Nc6 10. Bb2 Bf5 11. Nd2 Bg4 12. f3 Be6 13. Nb3 cxd4 14. cxd4
Nd5 15. Qd2 Ndb4 16. Nc5 Bc8 17. Rfd1 b6 18. Nb3 e6 19. e4 a5 20. Nc4 a4
21. a3 axb3 22. axb4 Rxa1 23. Bxa1 Ba6 24. Bf1 Qe7 25. d5 exd5 26. exd5
Bxa1 27. Rxa1 Bxc4 28. Bxc4 Qf6 29. Rd1 Ne5 30. Be2 Nxf3+ 31. Bxf3 Qxf3 32.
Rf1 Qe4 33. Re1 Qc2 34. Qxc2 bxc2 35. Rc1 Rd8 36. Rxc2 Rxd5 37. Rc6 Rb5 38.
Rc4 Kf8 39. Kf2 Ke7 40. Ke3 Kd6 41. g4 h5 42. gxh5 Rxh5 43. h4 b5 44. Rd4+
Ke6 45. Rg4 Re5+ 46. Kd4 Kd6 47. Rg1 Rd5+ 48. Ke3 Ke6 49. Rg4 Kf6 50. Ke4
Rh5 51. Kd4 Kg7 52. Rf4 f6 53. Ke4 Kf7 54. Kd4 Ke6 55. Re4+ Kd6 56. Rg4 Rh6
57. Ke3 f5 58. Rg1 Rxh4 59. Rxg6+ Ke5 60. Rg8 Re4+ 61. Kf3 Rxb4 62. Re8+
0-1

[Event "Spanish League of Honour"]
[Site "Linares"]
[Date "2017.08.20"]
[Round "7"]
[White "Velten, Paul"]
[Black "Kuzubov, Yuriy"]
[Result "0-1"]
[WhiteTitle "IM"]
[BlackTitle "GM"]
[WhiteElo "2459"]
[BlackElo "2652"]
[Board "2"]
[WhiteCountry "FRA"]
[WhiteFideId "681091"]
[WhiteEloChange "-2"]
[BlackCountry "UKR"]
[BlackFideId "14112906"]
[BlackEloChange "2"]

1. d4 Nf6 2. c4 e6 3. Nc3 Bb4 4. g3 d5 5. Bg2 O-O 6. Nf3 dxc4 7. O-O Nc6 8.
Bg5 h6 9. Bxf6 Qxf6 10. e3 Rb8 11. Nd2 Na5 12. Qa4 Qe7 13. a3 Bxc3 14. bxc3
b6 15. f4 c5 16. Qc2 Rd8 17. Ra2 Bb7 18. Nf3 Nc6 19. a4 Qc7 20. Qc1 Ne7 21.
g4 Nd5 22. Ne5 cxd4 23. exd4 f6 24. Ng6 Re8 25. h4 Ne7 26. h5 Nxg6 27. hxg6
e5 28. fxe5 fxe5 29. g5 exd4 30. cxd4 Re6 31. Rf7 Qg3 32. Qxc4 Bxg2 33.
Rxg2 Qe1+ 34. Rf1 Qe3+ 35. Kh2 Re8 36. Qc7 R6e7 37. Qc4+ Re6 38. Qc7 Rxg6
39. Qf7+ Kh7 40. Rf3 Qe6 41. Qxe6 Rexe6 42. Rf7 a5 43. gxh6 Kxh6 44. Rd7
Ref6 45. Rg3 Rf2+ 46. Kh3 Rb2 47. Rd8 Rg5 48. Rd6+ g6 49. Rc6 Rxg3+ 50.
Kxg3 Kg5 51. d5 Kf5 52. Re6 Rb4 53. Kf3 g5 54. Kg3 Rb3+ 55. Kg2 Kf4 56. Kf2
g4 57. d6 Rd3 58. Ke2 Rd4 59. d7 Rxd7 60. Rf6+ Ke5 0-1

[Event "Spanish League of Honour"]
[Site "Linares"]
[Date "2017.08.20"]
[Round "7"]
[White "Baklan, Vladimir"]
[Black "Franco Alonso, Alejandro"]
[Result "0-1"]
[WhiteTitle "GM"]
[BlackTitle "IM"]
[WhiteElo "2601"]
[BlackElo "2434"]
[Board "3"]
[WhiteCountry "UKR"]
[WhiteFideId "14102196"]
[WhiteEloChange "-7"]
[BlackCountry "ESP"]
[BlackFideId "2214067"]
[BlackEloChange "7"]

1. e4 e5 2. Nf3 Nc6 3. Bb5 Nf6 4. d3 Bc5 5. Bxc6 dxc6 6. Nbd2 Be6 7. O-O
Nd7 8. b3 f6 9. Bb2 Nf8 10. a3 Ng6 11. b4 Bd6 12. c4 c5 13. Bc3 Nf4 14. Nb3
Be7 15. Ne1 Qd7 16. Nxc5 Bxc5 17. bxc5 Bxc4 18. f3 Bxd3 19. Rf2 O-O-O 20.
Qb3 Ne2+ 21. Kh1 Nxc3 22. Qxc3 Qd4 23. Qb2 Qxb2 24. Rxb2 Rd4 25. Kg1 Rhd8
26. Kf2 Ba6 27. Rc1 Rd2+ 28. Rxd2 Rxd2+ 29. Kg3 Bb5 30. f4 exf4+ 31. Kxf4
Bc6 32. Ke3 Ra2 33. Rc3 Kd7 34. h4 a5 35. g4 Ke7 36. Nc2 Bd7 37. Kf4 h6 38.
h5 a4 39. Ne3 Rf2+ 40. Kg3 Rb2 41. Nd5+ Kd8 42. Kf4 Rb3 43. Rf3 Be6 44. Nb4
Kd7 45. c6+ bxc6 46. Rf1 c5 47. Rd1+ Ke8 48. Na6 c4 49. Nc5 Bc8 50. Nxb3
axb3 51. Ke3 c3 52. Kd3 c2 53. Re1 c5 54. Kc3 c4 55. e5 fxe5 56. Rxe5+ Kf7
57. Kb2 c3+ 58. Kc1 Bxg4 59. Rc5 b2+ 60. Kxc2 Kf6 61. Rxc3 Bxh5 62. Kxb2
Be8 63. Kb3 g5 64. a4 g4 65. a5 Bb5 66. Kb4 Bf1 67. Rc1 Be2 68. Rc2 Bd3 69.
Rd2 Be4 70. Rd4 Bf3 71. Kc3 Ke5 72. Kd3 g3 73. Rb4 g2 74. Rb5+ Bd5 0-1

[Event "Spanish League of Honour"]
[Site "Linares"]
[Date "2017.08.20"]
[Round "7"]
[White "Gonzalez De La Torre, Santiago"]
[Black "Forcen Esteban, Daniel"]
[Result "1-0"]
[WhiteTitle "IM"]
[BlackTitle "GM"]
[WhiteElo "2444"]
[BlackElo "2535"]
[Board "4"]
[WhiteCountry "ESP"]
[WhiteFideId "2221667"]
[WhiteEloChange "6"]
[BlackCountry "ESP"]
[BlackFideId "2288230"]
[BlackEloChange "-6"]

1. e4 e6 2. d4 d5 3. Nd2 c5 4. exd5 Qxd5 5. Ngf3 cxd4 6. Bc4 Qd8 7. O-O Nc6
8. Nb3 a6 9. Nbxd4 Nxd4 10. Nxd4 Qc7 11. Bb3 Bd6 12. Re1 Bxh2+ 13. Kh1 Nf6
14. Nf5 O-O 15. Nxg7 Rd8 16. Qf3 Kxg7 17. Bh6+ Kg6 18. c4 Nh5 19. Re4 Kxh6
20. Rh4 Be5 21. Qg4 1-0